1230 1060 1601 1453 1836 1817 1453 1806 1296 1213 1559 1189 1860 1288 1964 1104 1809 1971 1983 1896 1118 1090 1327 1147 1937 1688 1100 1370 1336 1469 1261 1494 1738 1479 1888 1539 1086 1577 1526 1037 1085 1957 1604 1145 1985 1239 1187 1314 1198 1647 1167 1091 1816 1669 1392 1803 1432 1663 1086 1976 1422 1316 1949 1535 1423 1232 1368 1846 1991 1525 1221 1861 1087 1689 1332 1244 1880 1364 1190 1974 1081 1204 1529 1634 1565 1904 1486 1439 1288 1747 1793 1375 1551 1499 1639 1354 1679 1170 1608 BCNSPRNW ULIB Ver.6.0+V

เปลี่ยนเป็นภาษาไทย

Change to English
 แสดงรายละเอียดบรรณานุกรม
  กลับหน้าหลัก

Brief Record : Get Marc (ISO 2709) : E-mail record : QR code < ปิดหน้าต่าง
LEADER : 00000nam 2200000uu 4500
001    13399111831
003     ULIB
008    110627s2550||||th 000 0 tha d
020    9789747503074
090    นว.^bย213ห 2550
100 0  Yayoi
245 00 หนึ่งจันทร์กลางใจ/^cYayoi
250    พิมพ์ครั้งที่ 1
260    กรุงเทพฯ :^bแจ่มใส,^c2550
300    477 หน้า
710 1  แจ่มใส
945    ^p279^l0^i020193
995    ทศพร
999 ^a ใช้งานได้ทุกระบบ
รายการนี้ยังไม่มีแท็ก
คุณยังไม่ได้ล็อกอิน คุณสามารถมีกิจกรรมร่วมกับเว็บไซต์ได้ แต่ต้องล็อกอินก่อน ::
  ล็อกอิน

รายการสื่อสารสนเทศ

ลำดับที่ ประเภท เลขเรียก/บาร์โค้ด สถานที่ สถานะ
- ไม่พบข้อมูล -

รายการใกล้เคียง
    ผู้แต่ง [Yayoi]

BibComment


ยังไม่เคยถูกคอมเมนท์

คอมเมนท์ทรัพยากรรายการนี้
  คอมเมนท์: หนึ่งจันทร์กลางใจ..


 Copyright 2026. Bcnsprnw @Library